=LDR 00000nam 2200000 4500 =001 INLIS000000000015373 =005 20130612110643 =008 ***********************************Ind** =035 ##$$0010-061300000015373 =041 ##$$a Ind =082 ##$$a 657.07 =090 ##$$a 657.07, PAR-a =100 ##$$a Parihadi =245 ##$$a Akuntansi Sekolah Menengah Umum untuk SMU Kelas 2, Parihardi, Wahyu Adi =260 ##$$a 1996 $b Surakarta =300 ##$$a vii, 202 hlm, 21 cm =650 ##$$a Akuntansi-Studi dan Pengajaran =700 ##$$a Adi, Wahyu =850 ##$$a NBPNMAT =990 ##$$a 21602215/BPAP-NTB/2017